| 000 | 02203nac a22003611u 4500 | ||
|---|---|---|---|
| 010 | _a 2007280420 | ||
| 020 | _a9780745639086 (hbk.) | ||
| 020 | _a0745639089 (hbk.) | ||
| 020 | _a9780745639093 (pbk.) | ||
| 020 | _a0745639097 (pbk.) | ||
| 035 | _a(OCoLC)ocn122282217 | ||
| 082 |
_a302.23 _bHAF |
||
| 090 |
_c8892 _d8892 |
||
| 100 | _aHafez, Kai, | ||
| 245 | 1 | 4 |
_aThe myth of media globalization / _cKai Hafez ; translated by Alex Skinner. |
| 260 |
_aCambridge ; _aMalden, Mass. : _bPolity Press,2007 _cc2007. |
||
| 300 |
_aviii, 224 p. : _bill., map ; _c23 cm. |
||
| 500 | _aPreviously published in German as Mythos Globalisierung. Wiesbaden : Verlag fuÌ(r Sozialwissenschaften, 2005. | ||
| 504 | _aIncludes bibliographical references (p. [197]-213) and index. | ||
| 505 | 0 | _aTheory - structural transformation of the global public sphere? -- International reporting - 'No further than Columbus...'' -- Satellite television - the renaissance of world regions -- Film and programme imports - entertainment culture as the core of media globalization -- The Internet - the Information Revolution which came too late for the 'Third Wave of democratization' -- International broadcasting - from national propaganda to global dialogue and back again -- Media and immigration - ethnicity and transculturalism in the media age -- Media policy - why the state continues to play a role -- Media capital - the limits of transnationalization. | |
| 511 | _acatalogued by: wessam | ||
| 650 | 0 |
_aMass media _xPolitical aspects. |
|
| 650 | 0 | _aGlobalization. | |
| 650 | 0 | _aCulture and globalization. | |
| 650 | 0 | _aMassamedia. | |
| 650 | 0 | _aInternationalisatie. | |
| 700 | 1 | _aSkinner, Alex. | |
| 856 | 4 | 2 |
_3Contributor biographical information _uhttp://www.loc.gov/catdir/enhancements/fy0802/2007280420-b.html |
| 856 | 4 | 2 |
_3Publisher description _uhttp://www.loc.gov/catdir/enhancements/fy0802/2007280420-d.html |
| 856 | 4 | 2 |
_3Table of contents only _uhttp://www.loc.gov/catdir/enhancements/fy0802/2007280420-t.html |
| 942 |
_cBB _k302.23HAF |
||
| 999 |
_c8892 _d8892 |
||